01059nam a22002897a 4500003000500000005001700005008004100022010001000063011001000073035001000083040000900093082001600102100003400118245006700152260005100219300002000270590004100290590004100331590004100372590004200413650004600455901000700501942001000508949007400518999001700592952016000609CHAP20220329135532.0971013s1976    cu a    r     00010 spa d  a38142  a39114  a43234  cCHAP04a530.028bM500aMisiunas, Guiedrius A.97618210aActividades prácticas de física :bguía para el profesor  aLa Habana :bInstituto Cubano del Libro,c1976  a164 p. :bilus.  aBATCH-UPDb10c20130110lUCH01h2202  aBATCH-UPDb10c20130410lUCH01h1508  aBATCH-UPDb10c20130914lUCH01h1423  aCONVERSIONb10c20130109lUCH01h132114aFísicaxManuales de laboratorio.941989  aBK  cLIBRO  a530.028 M5bBCcLIBROd33724000410759eLIBROh68168i43234sit500.00  c38142d38142  00102ddc4052708GRALaBCbBCcPA_GRALd2019-12-31fLIBROl1o530.028 M5p33724000410759q2023-03-28r2023-03-13 00:00:00s2023-03-13w2019-12-31yLIBRO